Top 10 songs of the year 2021 - Statistics

General Stats
  • This quiz has been taken 115 times
  • The average score is 5 of 10
Answer Stats
Artist Song title % Correct
1. Olivia Rodrigo drivers license
87%
3. The Kid LAROI (feat. Justin Bieber) STAY
68%
5. Dua Lipa (feat. DaBaby) Levitating
59%
2. Lil Nas X MONTERO (Call Me By Your Name)
51%
4. Olivia Rodrigo good 4 you
50%
9. Glass Animals Heat Waves
49%
10. Måneskin Beggin'
47%
7. Doja Cat (feat. SZA) Kiss Me More
45%
8. The Weekend Blinding Lights
44%
6. Justin Bieber (feat. Daniel Caesar & Giveon) Peaches
38%
No matching quizzes found
Score Distribution
Percent of People with Each Score
Percentile by Number Answered
Your Score History
You have not taken this quiz